| 000 | 00871nam a2200241 a 4500 | ||
|---|---|---|---|
| 001 | BRCA_718 | ||
| 005 | 20190320203123.0 | ||
| 008 | 800721s1980 nyua---##c---#000-0#eng-# | ||
| 020 | _a0810922274 | ||
| 040 |
_aDLC _cDLC _dDLC |
||
| 050 | 4 |
_aNK7198 _b.F33 1980 |
|
| 245 | 1 | 0 |
_aFabergé Eggs _bImperial Russian Fantasies _cintroduction and commentaries by Christopher Forbes ; foreword by Armand Hammer ; photographs by Larry Stein. |
| 260 |
_aNueva York _bH. N. Abrams _c1980 |
||
| 300 |
_a58 p. _bil. (algunas a color) _c41 cm. |
||
| 610 | 2 | 4 |
_aFabergé (Firma) _vCatálogos _92358 |
| 610 | 2 | 4 |
_aCasa de Romanov _xColecciones de arte _92359 |
| 650 | 1 | 4 |
_aHuevos de Fabergé _vCatálogos _92360 |
| 650 | 1 | 4 |
_aTrabajos de oro _vCatálogos _zRusia _92361 |
| 700 | 1 |
_aForbes, Christopher _92362 |
|
| 700 | 1 |
_aStein, Larry _92363 |
|
| 700 | 1 |
_aHammer, Armand _92364 |
|
| 942 |
_2lcc _cB |
||
| 999 |
_c619 _d619 |
||